Statistics for UK History Picture Quiz - M

Click here to take the quiz!

General Stats

  • This quiz has been taken 200 times
  • The average score is 10 of 15

Answer Stats

Answer% Correct
Mary
98%
Magna Carta
95%
{Merchant} of Venice
89%
Merlin
87%
Mayflower
84%
Lord {Mountbatten}
81%
Mersey
72%
Monty
71%
Mercia
63%
{Manchester} Ship Canal
60%
Moptop
41%
{Monarch's} Way
40%
Montserrat
40%
Marchioness
38%
{Mourne} Wall
6%

Score Distribution

Percentile by Number Answered

Percent of People with Each Score

Your Score History

You have not taken this quiz